[Event "DIP,20,boys,Shabla"]
[Site "?"]
[Date "2011.03.12"]
[Round "1.1"]
[White "Georgiev, Todor"]
[Black "Angelov, Boyan"]
[Result "1/2-1/2"]
[WhiteElo "1731"]
[BlackElo "2059"]
[PlyCount "150"]

1. d4 Nf6 2. c4 g6 3. Nc3 Bg7 4. e4 d6 5. f4 O-O 6. Nf3 c5 7. d5 b5 8. cxb5 a6
9. a4 Qa5 10. Bd2 axb5 11. Bxb5 Ba6 12. O-O Qb4 13. Qc2 Bxb5 14. axb5 Nbd7 15.
Ra6 Rxa6 16. bxa6 Ra8 17. Ra1 Qb6 18. Qa4 c4+ 19. Kh1 Ng4 20. Be1 Nc5 21. Qxc4
Qxb2 22. Rb1 Qxg2+ 23. Kxg2 Ne3+ 24. Kg1 Nxc4 25. a7 Rxa7 26. Rb8+ Bf8 27. Bh4
Kg7 28. Ng5 Ra3 29. Ne2 Nd2 30. Kg2 Ndxe4 31. Nxh7 Nd7 32. Rd8 Kxh7 33. Rxd7
Kg7 34. Bxe7 Rd3 35. Bxf8+ Kxf8 36. Ng3 Nxg3 37. hxg3 Rxd5 38. Kf3 Ke8 39. Rc7
Rd3+ 40. Kf2 Rb3 41. Ra7 Rb8 42. Ke3 Rd8 43. Kd4 Rd7 44. Ra6 Ke7 45. Kd5 Rb7
46. Ra5 f5 47. Ra3 Rb5+ 48. Kd4 Ke6 49. Re3+ Kf6 50. Rc3 g5 51. Ra3 Rb4+ 52.
Ke3 Re4+ 53. Kf3 g4+ 54. Kf2 Rc4 55. Re3 Re4 56. Rd3 Ke6 57. Rd2 Rc4 58. Rd3
Rc2+ 59. Kf1 Rc1+ 60. Kf2 Rc4 61. Ke2 d5 62. Ra3 d4 63. Ra5 Rc3 64. Re5+ Kd6
65. Rxf5 Rxg3 66. Rg5 Ke6 67. Kd2 Kf6 68. Rd5 Rf3 69. Rxd4 Kf5 70. Ke2 Ra3 71.
Kf2 g3+ 72. Kg2 Re3 73. Ra4 Rc3 74. Rb4 Kg4 75. f5+ Kxf5 1/2-1/2

[Event "DIP,20,boys,Shabla"]
[Site "?"]
[Date "2011.03.13"]
[Round "2.2"]
[White "Janev, Pavel"]
[Black "Ninov, Dayan"]
[Result "1-0"]
[WhiteElo "2065"]
[BlackElo "2082"]
[PlyCount "93"]
[EventDate "2011.??.??"]

1. e4 d5 2. exd5 Nf6 3. Nc3 Nxd5 4. Bc4 Nb6 5. Bb3 Nc6 6. Nf3 Bf5 7. d4 e6 8.
Qe2 Bb4 9. Be3 O-O 10. O-O h6 11. Rad1 Nd5 12. Nxd5 exd5 13. Qb5 Be4 14. Ne5
Bd6 15. f3 Bf5 16. Qxb7 Nb4 17. Qb5 Bxc2 18. Bxc2 Nxc2 19. Bf2 Qg5 20. Qe2 Qf5
21. g4 Qh7 22. Rd2 Nb4 23. a3 Rae8 24. axb4 f6 25. Bg3 fxe5 26. dxe5 Bxb4 27.
Rxd5 Kh8 28. Qd3 Qg8 29. f4 Qe6 30. f5 Qb6+ 31. Kg2 Qc6 32. e6 Rd8 33. Rd1 Rxd5
34. Qxd5 Qc2+ 35. Kh3 h5 36. Qd3 hxg4+ 37. Kxg4 Qxb2 38. Rb1 Qc3 39. Qxc3 Bxc3
40. Bxc7 Bf6 41. Rb8 Kg8 42. Bd6 Rxb8 43. Bxb8 a5 44. Bd6 Bb2 45. Kh5 a4 46.
Kg6 a3 47. e7 1-0

[Event "DIP,20,boys,Shabla"]
[Site "?"]
[Date "2011.03.13"]
[Round "2.3"]
[White "Iliev, Atanas"]
[Black "Dimov, Venimir"]
[Result "1/2-1/2"]
[WhiteElo "2001"]
[BlackElo "2043"]
[PlyCount "60"]

1. e4 c5 2. Nf3 d6 3. d4 cxd4 4. Nxd4 Nf6 5. Bd3 e6 6. c4 Be7 7. Nc3 a6 8. O-O
O-O 9. Be3 Qc7 10. a3 Nbd7 11. f3 b6 12. Rc1 Bb7 13. b4 Rac8 14. Nb3 Qb8 15.
Na4 Bd8 16. Re1 Bc7 17. h3 Rfe8 18. Bf2 Nh5 19. c5 dxc5 20. bxc5 Bf4 21. Rc2 b5
22. Nb6 Nxb6 23. cxb6 Rxc2 24. Qxc2 Rc8 25. Qb2 Be5 26. Bd4 Bxd4+ 27. Qxd4 Rd8
28. Qe3 Qg3 29. Bf1 Nf4 30. Kh1 h6 1/2-1/2

[Event "DIP,20,boys,Shabla"]
[Site "?"]
[Date "2011.03.13"]
[Round "2.4"]
[White "Georgiev, Todor"]
[Black "Janev, Tihomir"]
[Result "0-1"]
[WhiteElo "1731"]
[BlackElo "2342"]
[PlyCount "82"]
[EventDate "2011.??.??"]

1. d4 Nf6 2. c4 d6 3. Nc3 e5 4. Nf3 Nbd7 5. Bg5 Be7 6. h3 O-O 7. e3 Re8 8. Be2
c6 9. Bh4 Qa5 10. O-O a6 11. Rb1 e4 12. Nd2 d5 13. c5 Qd8 14. b4 Nf8 15. Bg3
Bf5 16. a4 Ng6 17. a5 Nd7 18. Na4 Bh4 19. Bh2 Be6 20. Kh1 f5 21. g3 Bf6 22. g4
Rf8 23. Nb3 Nh4 24. Nd2 Bg5 25. gxf5 Bxf5 26. Bg4 h5 27. Bxh5 Bxh3 28. Bg4 Bg2+
29. Kg1 Bxf1 30. Be6+ Kh7 31. Qh5+ Bh6 32. Rxf1 g5 33. Qg4 Nf6 34. Qg3 Qe7 35.
Qe5 Rae8 36. Bf5+ Kg7 37. Qxe7+ Rxe7 38. Bd6 Nxf5 39. Bxe7 Nxe7 40. Nb6 g4 41.
Kg2 Nf5 0-1

[Event "DIP,20,boys,Shabla"]
[Site "?"]
[Date "2011.03.14"]
[Round "3.1"]
[White "Janev, Tihomir"]
[Black "Angelov, Boyan"]
[Result "1-0"]
[WhiteElo "2342"]
[BlackElo "2059"]
[PlyCount "73"]
[EventDate "2011.??.??"]

1. e4 e5 2. Nf3 Nc6 3. Bb5 a6 4. Ba4 d6 5. h3 Bd7 6. O-O Nge7 7. c3 Ng6 8. d4
Be7 9. Re1 h6 10. Nbd2 Bg5 11. Nf1 Bxc1 12. Rxc1 O-O 13. Ne3 Nb8 14. Nf5 Qf6
15. dxe5 Nxe5 16. Nxe5 Bxa4 17. Qxa4 Qxe5 18. Re3 Kh7 19. Qb3 Qb5 20. Qc2 g6
21. Nd4 Qb6 22. Ne2 Nd7 23. Nf4 Rae8 24. Nd5 Qc6 25. c4 Re6 26. Qc3 Rfe8 27.
Rce1 f6 28. Kh2 Kg7 29. b3 Nc5 30. Rg3 Kf7 31. f4 Qd7 32. f5 gxf5 33. Qf3 Rxe4
34. Qh5+ Ke6 35. Rxe4+ Nxe4 36. Rg7 Qd8 37. Qxe8+ 1-0

[Event "DIP,20,boys,Shabla"]
[Site "?"]
[Date "2011.03.14"]
[Round "3.2"]
[White "Dimov, Venimir"]
[Black "Georgiev, Todor"]
[Result "1-0"]
[WhiteElo "2043"]
[BlackElo "1731"]
[PlyCount "73"]
[EventDate "2011.??.??"]

1. e4 e5 2. Bc4 Nf6 3. d4 exd4 4. Nf3 Nc6 5. O-O Nxe4 6. Re1 d5 7. Bxd5 Qxd5 8.
Nc3 Qa5 9. Nxe4 Be6 10. Bg5 Qd5 11. Qd2 Bd6 12. Rad1 O-O 13. Nxd4 Qxd4 14. Qxd4
Nxd4 15. Rxd4 Be5 16. Rb4 a5 17. Rxb7 Rfb8 18. Rxb8+ Rxb8 19. b3 a4 20. Nc5
axb3 21. cxb3 Bc3 22. Rc1 Ba5 23. Nxe6 fxe6 24. Kf1 Kf7 25. Ke2 e5 26. Bd2 Bb6
27. Be3 Ba5 28. Rc5 Ra8 29. Rc4 Rb8 30. Ra4 Bb4 31. Kd3 Ke6 32. Kc4 Bd6 33. b4
h5 34. b5 Kd7 35. Ra6 Rg8 36. a4 g5 37. a5 1-0

[Event "DIP,20,boys,Shabla"]
[Site "?"]
[Date "2011.03.14"]
[Round "4.1"]
[White "Angelov, Boyan"]
[Black "Janev, Pavel"]
[Result "1/2-1/2"]
[WhiteElo "2059"]
[BlackElo "2065"]
[PlyCount "50"]
[EventDate "2011.??.??"]

1. Nf3 Nf6 2. g3 g6 3. Bg2 Bg7 4. O-O c5 5. d3 O-O 6. e4 d6 7. Nc3 Nc6 8. Re1
Bg4 9. h3 Bxf3 10. Bxf3 Nd7 11. Bg5 h6 12. Be3 b5 13. Rb1 b4 14. Ne2 Qa5 15.
Qd2 Kh7 16. a3 Rab8 17. axb4 Rxb4 18. c3 Rb3 19. d4 cxd4 20. Nxd4 Nxd4 21. Bxd4
Bxd4 22. Qxd4 Qb6 23. Bg2 Rb8 24. Ra1 a6 25. Qc4 Ne5 1/2-1/2

[Event "DIP,20,boys,Shabla"]
[Site "?"]
[Date "2011.03.14"]
[Round "4.2"]
[White "Iliev, Atanas"]
[Black "Krumov, Georgi"]
[Result "1-0"]
[WhiteElo "2001"]
[BlackElo "1668"]
[PlyCount "119"]
[EventDate "2011.??.??"]

1. c4 e5 2. Nc3 Nc6 3. g3 Nf6 4. Bg2 Be7 5. e3 O-O 6. Nge2 d6 7. O-O Bf5 8. e4
Bg6 9. d4 exd4 10. Nxd4 Nxd4 11. Qxd4 Nd7 12. f4 Bf6 13. Qe3 Nb6 14. b3 c5 15.
Kh1 Bd4 16. Qf3 f5 17. exf5 Bxf5 18. Bd2 Rb8 19. Rae1 Qd7 20. Nd5 Nxd5 21.
Qxd5+ Kh8 22. Be3 Be6 23. Qf3 Bg4 24. Qf2 Bxe3 25. Rxe3 Rfe8 26. Rfe1 b6 27.
Qd2 Rxe3 28. Qxe3 h6 29. Qe7 Rd8 30. Qxd7 Bxd7 31. Re7 a6 32. Be4 b5 33. Kg2 b4
34. h3 a5 35. g4 a4 36. Kf3 a3 37. h4 Kg8 38. Bd5+ Kh8 39. f5 h5 40. Kf4 hxg4
41. Kxg4 Bc8 42. Kg5 Rf8 43. Bf7 Kh7 44. h5 d5 45. cxd5 c4 46. bxc4 b3 47. Bg6+
Kg8 48. axb3 Ba6 49. Ra7 Rf6 50. Ra8+ Bc8 51. Rxa3 Ra6 52. Rxa6 Bxa6 53. f6 Bc8
54. c5 Bh3 55. c6 Kf8 56. c7 Bd7 57. fxg7+ Kg8 58. Bf5 Be8 59. Be6+ Kxg7 60.
c8=Q 1-0

[Event "DIP,20,boys,Shabla"]
[Site "?"]
[Date "2011.03.14"]
[Round "4.3"]
[White "Georgiev, Todor"]
[Black "Ninov, Dayan"]
[Result "0-1"]
[WhiteElo "1731"]
[BlackElo "2082"]
[PlyCount "108"]
[EventDate "2011.??.??"]

1. d4 d5 2. c4 c6 3. Nf3 Nf6 4. e3 g6 5. Bd3 Bg7 6. O-O O-O 7. Nbd2 Bf5 8. Bxf5
gxf5 9. b3 Ne4 10. Bb2 e6 11. Ne5 Nd7 12. Nxd7 Qxd7 13. Nf3 Rfd8 14. Ne5 Bxe5
15. dxe5 dxc4 16. Qxd7 Rxd7 17. bxc4 Rad8 18. h4 Rd2 19. Ba3 R2d3 20. Be7 R8d7
21. Bb4 c5 22. Be1 Ra3 23. f3 Nd2 24. Bxd2 Rxd2 25. h5 Kg7 26. Rfd1 Rxd1+ 27.
Rxd1 Rxa2 28. g4 fxg4 29. fxg4 Rb2 30. g5 a5 31. Rd8 h6 32. g6 fxg6 33. Rd7+
Kg8 34. Rd8+ Kf7 35. Ra8 gxh5 36. Rxa5 b6 37. Ra7+ Kg6 38. e4 Re2 39. Re7 Rxe4
40. Rxe6+ Kf5 41. Rxb6 Rxe5 42. Rxh6 Ke4 43. Rd6 Ke3 44. Kg2 Re4 45. Rd5 Rxc4
46. Rxh5 Rc2+ 47. Kf1 Rc1+ 48. Kg2 c4 49. Rd5 c3 50. Rd8 Re1 51. Rc8 Kd2 52.
Kf2 Re2+ 53. Kf1 Re3 54. Kf2 Rd3 0-1

[Event "DIP,20,boys,Shabla"]
[Site "?"]
[Date "2011.03.14"]
[Round "4.4"]
[White "Janev, Tihomir"]
[Black "Dimov, Venimir"]
[Result "1-0"]
[WhiteElo "2342"]
[BlackElo "2043"]
[PlyCount "57"]
[EventDate "2011.??.??"]

1. d4 d5 2. c4 e6 3. Nc3 Nf6 4. Bg5 Nbd7 5. e3 Be7 6. Rc1 O-O 7. cxd5 exd5 8.
Bd3 Re8 9. Nge2 Nf8 10. O-O Ne6 11. Bh4 g6 12. f3 c6 13. Kh1 Ng7 14. Bf2 Be6
15. Nf4 Bc8 16. e4 g5 17. Nfe2 Be6 18. Qc2 h6 19. e5 Nd7 20. f4 f5 21. g4 Rf8
22. Ng3 gxf4 23. Nxf5 Bg5 24. h4 Bxf5 25. gxf5 Bxh4 26. f6 Bxf6 27. exf6 Qxf6
28. Rg1 Qe6 29. Kh2 1-0

[Event "DIP,20,boys,Shabla"]
[Site "?"]
[Date "2011.03.15"]
[Round "5.1"]
[White "Dimov, Venimir"]
[Black "Angelov, Boyan"]
[Result "0-1"]
[WhiteElo "2043"]
[BlackElo "2059"]
[PlyCount "54"]
[EventDate "2011.??.??"]

1. c4 Nf6 2. Nf3 c6 3. b3 d5 4. Bb2 Bf5 5. d3 e6 6. e3 Be7 7. Nbd2 O-O 8. Be2
Nbd7 9. Nh4 Bg6 10. Nxg6 fxg6 11. O-O Bd6 12. d4 g5 13. Bf3 Qe7 14. e4 Bb4 15.
e5 Ne8 16. a3 Ba5 17. Be2 g6 18. Bc1 Bc3 19. Ra2 Bxd4 20. Nf3 Bxe5 21. Bxg5 Bf6
22. Bh6 Ng7 23. Rc2 Qxa3 24. h4 Rae8 25. g4 Ne5 26. Ng5 Qxb3 27. Qc1 Bxg5 0-1

[Event "DIP,20,boys,Shabla"]
[Site "?"]
[Date "2011.03.15"]
[Round "5.2"]
[White "Ninov, Dayan"]
[Black "Janev, Tihomir"]
[Result "1/2-1/2"]
[WhiteElo "2082"]
[BlackElo "2342"]
[PlyCount "105"]
[EventDate "2011.??.??"]

1. d4 Nf6 2. c4 e5 3. dxe5 Ng4 4. Bf4 g5 5. Bg3 Bg7 6. Nf3 Nc6 7. Nc3 Ngxe5 8.
Nxe5 Nxe5 9. e3 d6 10. Be2 Be6 11. Qa4+ Nd7 12. Qc2 Nb6 13. Rd1 Nxc4 14. Bxc4
Bxc4 15. Qa4+ b5 16. Nxb5 Bxb5 17. Qxb5+ Kf8 18. b3 Bc3+ 19. Ke2 Kg7 20. h4 Bf6
21. hxg5 Bxg5 22. Be5+ Bf6 23. Bf4 h6 24. Qh5 Bg5 25. Be5+ Bf6 26. Qg4+ Kf8 27.
Bf4 Bg7 28. Rh5 Qf6 29. Qf5 Qxf5 30. Rxf5 Ke7 31. Rc1 Rhc8 32. Rh5 a5 33. Bxh6
Bxh6 34. Rxh6 c5 35. Rh4 Rcb8 36. Ra4 Rb5 37. e4 Ke6 38. Ke3 f6 39. Rh1 Rb4 40.
Rxb4 axb4 41. Ra1 Ra3 42. Kd3 Ke5 43. g3 Ra8 44. f4+ Ke6 45. Ke3 Rg8 46. Kf3
Ra8 47. Ke3 Rg8 48. Rg1 Ra8 49. Rg2 Ra3 50. Rc2 Ra8 51. Rd2 Rh8 52. Kf3 Rh1 53.
f5+ 1/2-1/2

[Event "DIP,20,boys,Shabla"]
[Site "?"]
[Date "2011.03.15"]
[Round "5.3"]
[White "Krumov, Georgi"]
[Black "Georgiev, Todor"]
[Result "1/2-1/2"]
[WhiteElo "1668"]
[BlackElo "1731"]
[PlyCount "90"]
[EventDate "2011.??.??"]

1. d4 Nf6 2. Nf3 g6 3. Bf4 Bg7 4. e3 d5 5. h3 O-O 6. Bd3 b6 7. O-O Bb7 8. Nbd2
Nbd7 9. Re1 Ne4 10. Bxe4 dxe4 11. Ng5 Nf6 12. Be5 Re8 13. h4 h6 14. Nh3 Rc8 15.
Nf1 Qd7 16. c3 Rcd8 17. Ng3 Ng4 18. Bxg7 Kxg7 19. Qc2 Nf6 20. Rad1 Qg4 21. Qe2
Qxh4 22. Nf4 Qg4 23. Qxg4 Nxg4 24. c4 Nf6 25. Nfe2 h5 26. Nc3 e6 27. b3 h4 28.
Nge2 Nh5 29. a4 a5 30. Nb5 c6 31. Nbc3 f5 32. c5 bxc5 33. dxc5 Rd3 34. Nc1 Rdd8
35. Rxd8 Rxd8 36. Rd1 Rxd1+ 37. Nxd1 Ba6 38. Nb2 Nf6 39. Nc4 Bxc4 40. bxc4 Nd7
41. Nb3 e5 42. Nxa5 Nb8 43. Nb7 Na6 44. a5 Kf6 45. Nd8 Nb8 1/2-1/2

[Event "DIP,20,boys,Shabla"]
[Site "?"]
[Date "2011.03.15"]
[Round "5.4"]
[White "Janev, Pavel"]
[Black "Iliev, Atanas"]
[Result "1-0"]
[WhiteElo "2065"]
[BlackElo "2001"]
[PlyCount "67"]
[EventDate "2011.??.??"]

1. e4 d5 2. exd5 Qxd5 3. Nc3 Qa5 4. Bc4 Nf6 5. Nf3 c6 6. Qe2 Bf5 7. b4 Qc7 8.
Ne5 e6 9. g4 Bg6 10. d4 Bxb4 11. Bd2 Qa5 12. Qf3 O-O 13. a3 Nd5 14. axb4 Qxa1+
15. Ke2 Nxc3+ 16. Bxc3 Qa4 17. Bb3 Qa6+ 18. Kd2 Re8 19. h4 f6 20. h5 Bf7 21. g5
fxe5 22. g6 hxg6 23. hxg6 Bxg6 24. Qg4 Bf7 25. b5 Qb6 26. Qh3 Kf8 27. Bb4+ Re7
28. Bc5 Qd8 29. Qh8+ Bg8 30. Bxe6 Qxd4+ 31. Bxd4 Rxe6 32. Rh7 Rg6 33. Bxe5 Nd7
34. Rxg7 1-0

[Event "DIP,20,boys,Shabla"]
[Site "?"]
[Date "2011.03.16"]
[Round "6.1"]
[White "Angelov, Boyan"]
[Black "Iliev, Atanas"]
[Result "1-0"]
[WhiteElo "2059"]
[BlackElo "2001"]
[PlyCount "138"]
[EventDate "2011.??.??"]

1. e4 d5 2. exd5 Nf6 3. Nc3 Nxd5 4. Bc4 Nb6 5. Bb3 g6 6. Qf3 e6 7. d4 Nc6 8.
Nge2 Bg7 9. Be3 Na5 10. O-O O-O 11. Ne4 Nxb3 12. axb3 h6 13. c3 Nd5 14. Nf4 b6
15. Nxd5 exd5 16. Nd2 c6 17. Rfe1 f5 18. Bf4 Re8 19. Rxe8+ Qxe8 20. Qe3 Qxe3
21. fxe3 Bb7 22. h4 a6 23. Nf3 Re8 24. Kf2 Kh7 25. Bc7 b5 26. b4 Bf6 27. Be5
Bd8 28. Kg3 g5 29. hxg5 hxg5 30. Nd2 Kg6 31. Nb3 Re7 32. Rh1 Rh7 33. Rxh7 Kxh7
34. Nc5 Bc8 35. Bd6 a5 36. bxa5 Bxa5 37. Nd3 Bd7 38. Ne5 Be8 39. Be7 Kh6 40.
Nf3 Bc7+ 41. Kf2 g4 42. Ne1 g3+ 43. Kf1 Kh5 44. Nd3 Kg4 45. Nc5 Bf7 46. Na6 Bb6
47. Bd6 Bd8 48. Nb4 Be8 49. Nd3 Bf6 50. Ke2 Bg6 51. Nf4 Bf7 52. Kd2 Bg5 53. Ne2
Bh4 54. Bf4 Bg6 55. Kc2 Bh5 56. Kb3 Bg5 57. Kb4 Be7+ 58. Ka5 Be8 59. b4 Bh4 60.
Kb6 Bd7 61. Kc7 Be8 62. Kd6 Bg5 63. Bxg5 Kxg5 64. Ke7 Bh5 65. Nxg3 Bd1 66. Ke6
f4 67. exf4+ Kxf4 68. Nf1 Bh5 69. Kd7 Ke4 1-0

[Event "DIP,20,boys,Shabla"]
[Site "?"]
[Date "2011.03.16"]
[Round "6.2"]
[White "Georgiev, Todor"]
[Black "Janev, Pavel"]
[Result "0-1"]
[WhiteElo "1731"]
[BlackElo "2065"]
[PlyCount "52"]
[EventDate "2011.??.??"]

1. d4 Nf6 2. c4 c5 3. d5 b5 4. cxb5 a6 5. Nc3 axb5 6. e4 b4 7. Nb5 d6 8. Bf4 g5
9. Bxg5 Nxe4 10. Bf4 Bg7 11. Qe2 f5 12. f3 O-O 13. fxe4 fxe4 14. g3 Nd7 15. Bh3
Ne5 16. Qxe4 Ba6 17. Bf1 Qa5 18. Nh3 Bxb5 19. Bxb5 b3+ 20. Kd1 Qxb5 21. Bxe5
Rxa2 22. Rc1 Ra4 23. Qb1 Rf1+ 24. Rxf1 Qxf1+ 25. Kd2 Qg2+ 26. Kd1 Bxe5 0-1

[Event "DIP,20,boys,Shabla"]
[Site "?"]
[Date "2011.03.16"]
[Round "6.3"]
[White "Janev, Tihomir"]
[Black "Krumov, Georgi"]
[Result "1-0"]
[WhiteElo "2342"]
[BlackElo "1668"]
[PlyCount "91"]
[EventDate "2011.??.??"]

1. e4 e5 2. Nf3 Nc6 3. Bb5 a6 4. Ba4 Nf6 5. O-O Bc5 6. c3 O-O 7. d4 Ba7 8. Re1
b5 9. Bc2 d6 10. h3 h6 11. a4 Bb7 12. d5 Ne7 13. Nbd2 c6 14. c4 bxc4 15. dxc6
Nxc6 16. Nxc4 Nd4 17. Nxd4 Bxd4 18. Be3 Qc7 19. Bd3 Bxe3 20. Rxe3 Rfd8 21. Qe1
Rab8 22. Na5 Ba8 23. Rb1 d5 24. exd5 Rxd5 25. b4 Qd7 26. Bc4 Rd4 27. Rxe5 Qxa4
28. Qe3 Re4 29. Qa7 Rxe5 30. Bxf7+ Kh7 31. Qxb8 Re7 32. Bb3 Qe8 33. Qxe8 Nxe8
34. Rd1 Bb7 35. Rd8 Be4 36. f3 Bg6 37. Bc4 Nc7 38. Rd6 Re1+ 39. Kf2 Rb1 40. Nc6
Rb2+ 41. Kg3 Ne8 42. Rd8 Nc7 43. Bg8+ Kh8 44. Ne5 Ne8 45. Bd5 Bh5 46. Nf7+ 1-0

[Event "DIP,20,boys,Shabla"]
[Site "?"]
[Date "2011.03.16"]
[Round "6.4"]
[White "Dimov, Venimir"]
[Black "Ninov, Dayan"]
[Result "0-1"]
[WhiteElo "2043"]
[BlackElo "2082"]
[PlyCount "206"]
[EventDate "2011.??.??"]

1. e4 c5 2. Nf3 e6 3. d4 cxd4 4. Nxd4 Nf6 5. Nc3 Nc6 6. Ndb5 Bc5 7. Be2 O-O 8.
Nd6 Qe7 9. Nxc8 Raxc8 10. O-O d6 11. Kh1 a6 12. Bd2 b5 13. Bd3 Rfd8 14. f4 Bb6
15. Qe1 Bd4 16. Qh4 Nd7 17. Qh3 Nc5 18. f5 Bf6 19. fxe6 Qxe6 20. Qg3 Be5 21.
Qh4 Bxc3 22. Bxc3 Ne5 23. Qg3 Qg6 24. Qh3 Qg4 25. Qe3 Qe6 26. Rf5 Rd7 27. Raf1
Qxa2 28. Qg3 Qe6 29. h4 h6 30. R1f4 Qg6 31. Qe3 Ne6 32. Rf1 Qg4 33. Qf2 f6 34.
Kg1 Nc5 35. h5 Ncxd3 36. cxd3 Nxd3 37. Qd4 Ne5 38. Qd5+ Rf7 39. Bxe5 dxe5 40.
Rxe5 Qd7 41. Qxd7 Rxd7 42. Re6 Rc2 43. Rf3 a5 44. Rb3 Rdd2 45. Ra3 Rc7 46. Rb3
Rc5 47. e5 Kf7 48. Ra6 Rxe5 49. Rxa5 Rg5 50. g3 Re5 51. Ra1 Ree2 52. Rxb5 Rg2+
53. Kf1 Rdf2+ 54. Ke1 Re2+ 55. Kf1 Rxb2 56. Ra7+ Kg8 57. Rb8+ Kh7 58. Rxb2 Rxb2
59. Ra5 Rc2 60. Rb5 g5 61. Rb7+ Kg8 62. Rb8+ Kf7 63. Rb7+ Kg8 64. Rb8+ Kf7 65.
Rb7+ Ke6 66. Rh7 Kf5 67. Rxh6 Ra2 68. g4+ Kxg4 69. Rxf6 Kxh5 70. Rb6 Kh4 71.
Kg1 Rc2 72. Ra6 Rc3 73. Kg2 Rb3 74. Rh6+ Kg4 75. Ra6 Rc3 76. Ra4+ Kh5 77. Ra8
Rb3 78. Rh8+ Kg4 79. Ra8 Rd3 80. Ra4+ Kf5 81. Ra5+ Kg6 82. Ra6+ Kh5 83. Ra8 Kh4
84. Rh8+ Kg4 85. Ra8 Rd4 86. Ra3 Rd2+ 87. Kg1 Kh4 88. Ra4+ g4 89. Ra3 Rb2 90.
Rc3 Ra2 91. Rb3 Ra1+ 92. Kg2 Ra5 93. Rc3 Rb5 94. Ra3 Rb4 95. Rc3 Kg5 96. Rc2
Rb3 97. Rc5+ Kh4 98. Ra5 Rb2+ 99. Kg1 Kh3 100. Rh5+ Kg3 101. Kf1 Rb1+ 102. Ke2
Kg2 103. Ra5 Rb6 0-1

[Event "DIP,20,boys,Shabla"]
[Site "?"]
[Date "2011.03.17"]
[Round "7.1"]
[White "Ninov, Dayan"]
[Black "Angelov, Boyan"]
[Result "0-1"]
[WhiteElo "2082"]
[BlackElo "2059"]
[PlyCount "98"]
[EventDate "2011.??.??"]

1. Nf3 Nf6 2. g3 d5 3. Bg2 e6 4. O-O Be7 5. d4 O-O 6. c4 c6 7. Qc2 Nbd7 8. Rd1
b6 9. b3 Ba6 10. Bb2 Rc8 11. Nbd2 Qc7 12. e4 h6 13. Rac1 Qb8 14. Qb1 Bb7 15.
Ne5 Rfd8 16. h3 Qa8 17. Qa1 Nxe5 18. dxe5 Nxe4 19. Nxe4 dxe4 20. Bxe4 c5 21.
Bxb7 Qxb7 22. Rxd8+ Rxd8 23. Rd1 Qf3 24. Rxd8+ Bxd8 25. Qe1 Qd3 26. Qf1 Qc2 27.
Qc1 Qd3 28. Qf1 Qc2 29. Qc1 Qe2 30. Qc3 Bc7 31. Kg2 b5 32. cxb5 Bb6 33. Ba1 c4
34. Qf3 Qxa2 35. Qa8+ Kh7 36. Qe4+ g6 37. Qf4 Kg7 38. Qf6+ Kg8 39. Bd4 Bxd4 40.
Qd8+ Kg7 41. Qf6+ Kg8 42. Qd8+ Kh7 43. Qxd4 cxb3 44. Qd7 Kg7 45. Qe7 b2 46.
Qf6+ Kg8 47. Qd8+ Kh7 48. Qf6 Qd5+ 49. Kh2 Qd7 0-1

[Event "DIP,20,boys,Shabla"]
[Site "?"]
[Date "2011.03.17"]
[Round "7.2"]
[White "Krumov, Georgi"]
[Black "Dimov, Venimir"]
[Result "1/2-1/2"]
[WhiteElo "1668"]
[BlackElo "2043"]
[PlyCount "88"]
[EventDate "2011.??.??"]

1. d4 Nf6 2. Nf3 d5 3. Bf4 e6 4. e3 c5 5. c3 Be7 6. Bd3 Nbd7 7. h3 a6 8. Nbd2
b5 9. Rc1 Bb7 10. O-O O-O 11. Re1 Rc8 12. Nf1 Qa5 13. Bb1 b4 14. Ne5 bxc3 15.
bxc3 cxd4 16. exd4 Rfd8 17. Qe2 Nf8 18. Ng3 Ba3 19. Rcd1 Qxc3 20. Rd3 Qa5 21.
Rb3 Bb4 22. Rd1 Bc6 23. Bg5 Ba4 24. Bxf6 gxf6 25. Ng4 Bxb3 26. Nxf6+ Kh8 27.
axb3 Be7 28. Nxh7 Nxh7 29. Qh5 f5 30. Nxf5 Qc7 31. Nh6 Nf6 32. Qg6 Rf8 33. Nf7+
Rxf7 34. Qxf7 Qd6 35. Re1 Ne4 36. Qh5+ Kg7 37. Bxe4 dxe4 38. Qg4+ Kf7 39. Qxe4
Bf6 40. Qh7+ Bg7 41. Qh5+ Kg8 42. Qg6 Rc6 43. Qe8+ Kh7 44. Qh5+ Kg8 1/2-1/2

[Event "DIP,20,boys,Shabla"]
[Site "?"]
[Date "2011.03.17"]
[Round "7.3"]
[White "Janev, Pavel"]
[Black "Janev, Tihomir"]
[Result "0-1"]
[WhiteElo "2065"]
[BlackElo "2342"]
[PlyCount "110"]
[EventDate "2011.??.??"]

1. e4 d5 2. exd5 Nf6 3. Nc3 Nxd5 4. Bc4 Nb6 5. Bb3 Nc6 6. Nf3 Bf5 7. Qe2 e6 8.
d4 Be7 9. Be3 O-O 10. O-O-O Nd5 11. Nxd5 exd5 12. Qb5 Nb4 13. a3 a6 14. Qe2 Nc6
15. Ne5 f6 16. g4 Be6 17. Nd3 Re8 18. Nf4 Bf7 19. Qf3 Na5 20. Bxd5 Bxd5 21.
Qxd5+ Qxd5 22. Nxd5 Bd6 23. h3 Nc4 24. Rhe1 Rad8 25. Nc3 Kf7 26. Bd2 f5 27.
gxf5 Kf6 28. Ne4+ Kxf5 29. Nxd6+ Nxd6 30. b3 Ne4 31. Be3 b5 32. Kb2 c6 33. Rd3
g5 34. Red1 Nf6 35. a4 h5 36. axb5 axb5 37. Ra1 Nd5 38. Rg1 Rg8 39. c4 Ke4 40.
Rdd1 bxc4 41. bxc4 Rb8+ 42. Kc2 Nxe3+ 43. fxe3 Ra8 44. d5 c5 45. Ra1 Rxa1 46.
Rxa1 Kxe3 47. Rd1 g4 48. hxg4 hxg4 49. Re1+ Kf2 50. Rc1 g3 51. Kb3 Ra8 52. Rc2+
Kg1 53. d6 g2 54. Ra2 Rb8+ 55. Ka4 Kh1 0-1

[Event "DIP,20,boys,Shabla"]
[Site "?"]
[Date "2011.03.17"]
[Round "7.4"]
[White "Iliev, Atanas"]
[Black "Georgiev, Todor"]
[Result "1/2-1/2"]
[WhiteElo "2001"]
[BlackElo "1731"]
[PlyCount "54"]
[EventDate "2011.??.??"]

1. c4 Nf6 2. Nc3 g6 3. g3 Bg7 4. Bg2 O-O 5. e4 d6 6. Nge2 Re8 7. O-O Nbd7 8. d4
e5 9. d5 a5 10. Na4 Nh5 11. g4 Nf4 12. Nxf4 exf4 13. Bxf4 Ne5 14. Bxe5 Bxe5 15.
f4 Bg7 16. Qf3 Bd7 17. Nc3 Qh4 18. h3 a4 19. e5 Re7 20. e6 fxe6 21. dxe6 Bxe6
22. Qxb7 Rae8 23. Qc6 Bxg4 24. Qd5+ Be6 25. Qd3 Bf5 26. Qd5+ Be6 27. Qd3 Bf5
1/2-1/2